Las revoluciones del siglo XX en Hispanoamérica, causas y efectos Revolución Mexicana y Revolución Cubana

Enregistré dans:
Détails bibliographiques
Auteur principal: Pussová, Sofia
Collectivité auteur: Fakulta aplikovaných jazykov EU v Bratislave. Katedra románskych a slovanských jazykov
Autres auteurs: Sequeira Lopez, Allan Jose, 1986-
Format: Livre
Langue:espagnol
Publié: Bratislava 2025
Tags: Ajouter un tag
Pas de tags, Soyez le premier à ajouter un tag!

MARC

LEADER 00000nbm a2200000 4500
001 0308971
005 20260302095453.3
041 0 |a spa 
044 |a SK 
245 1 0 |a Las revoluciones del siglo XX en Hispanoamérica, causas y efectos  |b Revolución Mexicana y Revolución Cubana  |c Sofia Pussová ; školiteľ: Allan Jose Sequeira Lopez 
264 1 |a Bratislava  |c 2025 
300 |a 33 s. 
100 1 |a Pussová, Sofia 
700 1 |a Sequeira Lopez, Allan Jose, 1986- 
710 2 |a Fakulta aplikovaných jazykov EU v Bratislave. Katedra románskych a slovanských jazykov